000 00664cab a2200253 4500
001 ABS55666
008 090401t1996 xxu||||| |||| 00| 0 eng d
035 _a(Sirsi) u17883
041 _aeng
100 _aCarpenter, A.
245 _aLease, cameras, action
260 _c1996
350 _a0
490 _aProperty Week
_v59(9) 30 August 1996, 22-24(3)
520 _aAssesses the market for leasing out property for film locations.
650 _aFILM INDUSTRY
650 _aFILM LOCATIONS
650 _aFILM SETS
650 _aLOCATION AGENCIES
650 _aMEDIA
690 _aPROPERTY-COMMERCIAL PROPERTY
942 _n0
948 _c04/03/1997
999 _c11860
_d11860